000 00472pab a2200157 454500
008 180718b2002 xxu||||| |||| 00| 0 eng d
100 _aPanda, Abinash
245 _aChallenges in developing a strong organisational culture: lessons from a case study of a high-tech company in India
260 _c2002
300 _ap.332-55.
362 _aJan
650 _aOrganizations
700 _aGupta, R.K.
773 _aIndian Journal of Industrial Relations
909 _a52101
999 _c52101
_d52101